00513nam a2200205Ia 4500003000400000005001700004008004100021020001500062040000700077041000800084082002100092100001900113245004900132250000600181260005200187300002200239365001300261650001400274650001900288OSt20230324151125.0210423s2006 xx 000 0 und d a8176932019 cAL aeng a338.5 223bVARH aVARIAN (Hal R) aIntermediate microeconomics: modern approach a7 aNew DelhibAffiliated East West Press Ltdc2006 axxiv,715,A-39bPB b295cINR aEconomics aMicroeconomics